Statistics for Airlines That Serve Abbotsford (YXX)

Click here to take the quiz!

General Stats

  • This quiz has been taken 4 times
  • The average score is 3 of 5

Answer Stats

CountryAnswer% Correct
CanadaWestjet
100%
CanadaSwoop
67%
CanadaAir Canada Rouge
33%
CanadaFlair Airlines
33%
CanadaWestjet Encore
33%

Score Distribution

Percentile by Number Answered

Percent of People with Each Score

Your Score History

You have not taken this quiz